[Event "Moscow Tal Memorial 4th"]
[Site "Moscow"]
[Date "2009.11.12"]
[Round "7"]
[White "Ivanchuk, Vassily"]
[Black "Gelfand, Boris"]
[Result "1-0"]
[WhiteElo "2739"]
[BlackElo "2758"]
[Annotator "Rogozenco,D"]
[PlyCount "85"]
[EventDate "2009.11.05"]
[EventType "tourn"]
[EventRounds "9"]
[EventCountry "RUS"]
[EventCategory "21"]
[SourceTitle "CBM 133"]
[Source "ChessBase"]
[SourceDate "2009.11.19"]
[SourceVersion "1"]
[SourceVersionDate "2009.11.19"]
[SourceQuality "1"]

1. d4 {Marin} d5 2. c4 c6 3. Nf3 Nf6 4. e3 Bg4 5. h3 Bxf3 6. Qxf3 e6 7. Nc3
Nbd7 8. Bd3 dxc4 9. Bxc4 Bd6 10. O-O O-O 11. e4 e5 12. d5 (12. Be3 exd4 13.
Bxd4 Ne5 (13... Qe7 $11) 14. Qe2 Nxc4 15. Qxc4 Re8 $11) 12... Nb6 13. Bd3 $146
{An interesting novelty: after the exchange of pawns on d5 the bishop will be
well placed on the diagonal b1-h7.  Marin: 'Apparently, Ivanchuk considers
that the bishop is more useful on the b1-h7 diagonal, while the d5-pawn does
not need the bishop's defence.'} ({Previously White achieved nothing by
retreating the bishop to b3:} 13. Bb3 cxd5 14. exd5 h6 15. Be3 a6 (15... Rc8
16. Rac1 {Marin: 'is similar to the main game. Black could provoke a
transposition with 16...Nc4, but preferred the prophylactic'} a6 {1/2-1/2
Koneru,H (2612)-Movsesian,S (2677)/Wijk aan Zee 2008 Marin: 'with an immediate
draw agreement.'}) 16. Rac1 Nbd7 17. a3 Bc7 {1/2-1/2 Koneru,H (2473)-Lalic,B 
(2540)/Torquay 2002}) 13... cxd5 14. exd5 {The only drawback of the Bd3 is
that the Pd5 can be temporarily weak. If Black won't use this factor, White
will regroup the pieces and achieve advantage.} h6 ({Marin: It is dangerous to
go for the d5-pawn:} 14... Bb4 $5 15. Rd1 Bxc3 16. bxc3 Nbxd5 17. c4 e4 18.
Bxe4 Nxe4 19. cxd5 $14 (19. Qxe4 Nc3 20. Rxd8 Nxe4 21. Rd4 ({or} 21. Rd7 Nc5
$11) 21... Rfe8 22. Be3 b6 $14 {/=}) 19... Nd6 20. Ba3 Re8 $14 {/=}) 15. Be3
Rc8 ({Again} 15... Bb4 {was a critical alternative.}) 16. Rac1 {Following the
saying "the threat is stronger than its execution" Ivanchuk leaves the move
Bd3-f5 as a threat Black must deal with.} Nc4 {And Gelfand loses the patience!}
({Preferable was} 16... Qe7 $14) (16... a6 {Marin may reveal a hidden aspect
of Ivanchuk's novelty after} 17. Bf5 $5 $14) 17. Bxc4 $1 ({After} 17. Nb5 {
Black has the choice either to play a slightly worse position, or sacrifice a
pawn and get some compensation. In both cases White is only marginally better.}
e4 $5 (17... Nxe3 18. Rxc8 Qxc8 19. Nxd6 Qd7 20. Qxe3 Qxd6 21. Qxa7 Qxd5 22.
Bc2 $1 $14) 18. Bxe4 Nxe3 19. Qxe3 ({Weaker is} 19. Rxc8 Bh2+ $1 20. Kh1 Qxc8
21. Qxe3 Bb8 22. Rc1 Qd7 23. Nc3 Re8 $44) 19... Bb8 {with some compensation
for the pawn.}) 17... Rxc4 18. Qe2 Rc8 19. Bxa7 $14 {This unexpected and
strong move is the logical follow-up of 17.Bxc4. Usually taking such pawns is
highly dangerous, but here Ivanchuk rightly appreciated that the bishop will
be safe on a8. It can be protected by the knight and besides, the pawn b6 will
require always protection too. Now Black faces an unpleasant task: everywhere
he is slightly worse and it is very difficult to choose the continuation that
offers best practical chances to escape. Marin: 'This bishop is not easy to
trap.'} b6 ({In case of} 19... Qa5 20. Be3 ({Less convincing is} 20. Nb5 Qa6
21. a4 Nxd5 22. Rxc8 Rxc8 23. Rd1 Nf4) {White often has the tactical motiv
Bxh6:} 20... Bb4 (20... Nxd5 21. Bxh6 $1 gxh6 22. Nxd5 Rxc1 (22... Qxd5 23.
Rxc8 Rxc8 24. Qg4+ $18) 23. Nf6+ Kg7 24. Nh5+ Kh8 25. Rxc1 $16 {/+-}) 21. Rfd1
Bxc3 ({Even after} 21... Rfd8 {White can take on h6:} 22. Bxh6 $1 gxh6 (22...
Bxc3 23. Bg5 $1) 23. Ne4 Nxe4 (23... Kg7 24. Rxc8 Rxc8 25. a3 $1 Bf8 26. Nxf6
Kxf6 27. Qf3+ Ke7 28. d6+ $18) 24. Qg4+ Kh7 (24... Kf8 25. Rxc8 Rxc8 26. Qxc8+
Ke7 27. Qxb7+ $18) (24... Kh8 25. Rxc8 $18) 25. Qxe4+ Kh8 26. Qxe5+ Kg8 27.
Rxc8 Rxc8 28. Rd4 $18) 22. Rxc3 Rxc3 23. bxc3 Qxc3 (23... Nxd5 24. Bxh6 $1 gxh6
25. Qxe5 Rd8 26. c4 $18) 24. Qb5 $36) 20. Nb5 (20. Rfd1 $5) 20... Rc5 $1 (20...
Bc5 21. d6 $1 (21. a3 $2 Nxd5 22. Rfd1 $140 Nf4) 21... Qd7 22. b4 Bxb4 23. Rc7
$16) (20... Rxc1 21. Rxc1 Nxd5 22. Rd1 Nf4 23. Qe4 $18) 21. Rfd1 Qd7 22. Nxd6 (
{A good alternative was} 22. Rxc5 Bxc5 (22... bxc5 $2 23. Nxd6 $16) 23. a4 {
with the idea of the further advance of the a-pawn. For instance:} Ra8 24. a5
Rxa7 25. Nxa7 Qxa7 26. a6 $16 {[%cal Gd5d6,Ge2b5] and the two passed pawns
secure White clearly better chances.}) 22... Qxd6 (22... Rxc1 23. Rxc1 Qxd6 {
regains the pawn, since White cannot hold Pd5. Nevertheless keeps the
advantage after} 24. Qb5 (24. Rd1 $2 Ra8 25. Qa6 Qd7 $19) (24. Rc6 Qxd5 $14 {
[%csl Ra2] /=}) 24... Qxd5 ({Deserves attention also} 24... Nxd5 $5 25. Rc6 Qd7
26. Bxb6 Nf4 {hoping for counterplay with the white pieces stuck on the
queenside.}) 25. Qxb6 Qxa2 26. Qb7 Rd8 27. b4 $14) 23. Rxc5 Qxc5 24. Qe3 Qc2
25. Qb3 $1 Qxb3 26. axb3 $16 {The fact that such a strong technical player
like Gelfand didn't succeed to hold a draw here proves that the endgame is
more difficult for Black than it may seem.} Rd8 (26... Nd7 27. Rc1 $16) 27. d6
b5 28. f3 Ra8 (28... Kf8 29. Bb6 $5 (29. Kf2 Ke8 30. Re1 Rxd6 31. Rxe5+ Kd7 32.
Rxb5 Rd2+ $132) 29... Rd7 30. Bc5 $16 (30. Re1 Nd5 31. Bc5 f6)) 29. Be3 Nd7 30.
Rd5 Rb8 31. f4 exf4 32. Bxf4 f6 33. Rd2 Kf7 34. Kf2 Ke6 35. Ke3 Rc8 $2 {
After this mistake Black cannot save the game.} (35... g5 {would have kept
good chances for a draw:} 36. Bh2 (36. Bg3 f5 $132 {/=}) 36... Rc8 37. Kd4 Rc1
38. Re2+ Ne5 39. Bxe5 Rd1+ $1 40. Kc5 fxe5 {and the passed e-pawn leaves hope
for counterplay.}) 36. Kd4 g5 37. Re2+ $1 Ne5 (37... Kf5 38. Be3 $1 (38. Bh2 h5
39. Kd5 $140 Rc5+) 38... Re8 (38... h5 39. Kd5 Re8 40. Rf2+ Kg6 41. Bd4 $18)
39. g4+ Kg6 40. Kd5 Kf7 41. Kc6 Ne5+ 42. Kc7 $18) 38. Bxe5 fxe5+ 39. Rxe5+ Kxd6
40. Rxb5 Rc2 41. g4 Rxb2 (41... Kc6 42. Rf5 $18) 42. Rb6+ Kc7 43. Kc3 1-0

[Event "Wch Blitz 4th"]
[Site "Moscow"]
[Date "2009.11.17"]
[Round "20"]
[White "Ivanchuk, Vassily"]
[Black "Karpov, Anatoly"]
[Result "1-0"]
[WhiteElo "2739"]
[BlackElo "2619"]
[PlyCount "94"]
[EventDate "2009.11.16"]
[EventType "tourn (blitz)"]
[EventRounds "42"]
[EventCountry "RUS"]
[EventCategory "19"]
[SourceTitle "EXT 2010"]
[Source "ChessBase"]
[SourceDate "2010.11.25"]
[SourceVersion "1"]
[SourceVersionDate "2010.11.25"]
[SourceQuality "1"]

1. d4 Nf6 2. c4 e6 3. Nc3 Bb4 4. Qc2 O-O 5. a3 Bxc3+ 6. Qxc3 d5 7. e3 b6 8. Nf3
Bb7 9. b3 Nbd7 10. Be2 c5 11. O-O Rc8 12. a4 cxd4 13. exd4 Qc7 14. Re1 dxc4 15.
bxc4 Ba6 16. Ba3 Rfe8 17. Rac1 e5 18. Bf1 exd4 19. Nxd4 Rxe1 20. Rxe1 Re8 21.
Nf5 Rxe1 22. Qxe1 Qe5 23. Ne7+ Kh8 24. Qd2 h6 25. Nc6 Qc7 26. Qd6 Qxd6 27. Bxd6
Ne4 28. Bb4 Ndc5 29. f3 Nd6 30. Nxa7 Nxc4 31. Bxc5 bxc5 32. Nc6 Bb7 33. Bxc4
Bxc6 34. a5 Kg8 35. Kf2 Kf8 36. Ke3 Ke7 37. Kd3 f6 38. Ba6 Kd6 39. Kc4 f5 40.
Bc8 f4 41. a6 Kc7 42. Kxc5 Bxf3 43. gxf3 Kxc8 44. Kd6 g5 45. Ke5 Kb8 46. Kf5
Ka7 47. h3 Kxa6 1-0

[Event "Astrakhan FIDE GP"]
[Site "Astrakhan"]
[Date "2010.05.21"]
[Round "10"]
[White "Gelfand, Boris"]
[Black "Ivanchuk, Vassily"]
[Result "1/2-1/2"]
[WhiteElo "2741"]
[BlackElo "2741"]
[Annotator "Marin,M"]
[PlyCount "52"]
[EventDate "2010.05.10"]
[EventType "tourn"]
[EventRounds "13"]
[EventCountry "RUS"]
[EventCategory "20"]
[SourceTitle "CBM 137"]
[Source "ChessBase"]
[SourceDate "2010.07.15"]
[SourceVersion "1"]
[SourceVersionDate "2010.07.15"]
[SourceQuality "1"]

1. d4 Nf6 2. c4 g6 3. Nc3 d5 4. cxd5 Nxd5 5. e4 Nxc3 6. bxc3 Bg7 7. Nf3 c5 8.
Be3 Qa5 9. Qd2 cxd4 10. cxd4 Qxd2+ 11. Kxd2 O-O 12. Rb1 ({The more popular
continuation is} 12. Rc1) 12... Rd8 13. Bd3 e6 14. Rhc1 Nc6 15. e5 h6 $5 {
Prior to this game, this move was only played once between players of lower
level. Black prevents Bg5 and Ng5, preparing an effective regrouping.} (15...
f6 {and}) (15... f5 {have been played more frequently, with poor results for
Black.}) 16. Ke1 Bf8 17. Be4 Nb4 18. Bd2 Nd5 {Black has managed to block the
enemy centre and threatens to complete his development with ...b6 and ...Bb7.
In order to avoid being left in an inferior position, White has to play
energetically.} 19. a4 b6 20. a5 {The weakness of the b6-pawn will compensate
for the backward d4-pawn.} Bb7 21. axb6 axb6 22. Bxd5 Bxd5 23. Rxb6 Bxf3 24.
gxf3 Rxd4 25. f4 Rdd8 26. Be3 Rab8 1/2-1/2

[Event "GRE Cup final"]
[Site "Peristeri"]
[Date "2010.07.03"]
[Round "1"]
[White "Ivanchuk, Vassily"]
[Black "Zakarian, David"]
[Result "1-0"]
[WhiteElo "2748"]
[BlackElo "2334"]
[PlyCount "67"]
[EventDate "2010.07.03"]
[EventType "match"]
[EventRounds "2"]
[EventCountry "GRE"]
[SourceTitle "CBM 137 Extra"]
[Source "ChessBase"]
[SourceDate "2010.09.01"]
[SourceVersion "1"]
[SourceVersionDate "2010.09.01"]
[SourceQuality "1"]

1. e4 e5 2. Nf3 Nc6 3. Bb5 f5 4. Nc3 fxe4 5. Nxe4 Nf6 6. Nxf6+ Qxf6 7. O-O Be7
8. d3 Nd4 9. Nxd4 exd4 10. Qh5+ g6 11. Qh6 c6 12. Ba4 Qh4 13. Qg7 Bf6 14. Re1+
Kd8 15. Qf7 Be7 16. Bh6 Qf6 17. Rxe7 Qxe7 18. Qf4 Ke8 19. Bg5 Rf8 20. Qh4 Qe6
21. f4 d5 22. Re1 Rf7 23. b4 b5 24. Bb3 Kf8 25. Rxe6 Bxe6 26. Qf2 Kg8 27. Qxd4
Bd7 28. a4 a6 29. Qb6 Be8 30. a5 Rfa7 31. h3 h5 32. Bf6 Kh7 33. Bb2 Bd7 34. Bd4
1-0

[Event "GRE Cup final"]
[Site "Peristeri"]
[Date "2010.07.06"]
[Round "2"]
[White "Nikolaidis, Ioannis"]
[Black "Ivanchuk, Vassily"]
[Result "0-1"]
[WhiteElo "2490"]
[BlackElo "2748"]
[PlyCount "114"]
[EventDate "2010.07.03"]
[EventType "match"]
[EventRounds "2"]
[EventCountry "GRE"]
[SourceTitle "CBM 137 Extra"]
[Source "ChessBase"]
[SourceDate "2010.09.01"]
[SourceVersion "1"]
[SourceVersionDate "2010.09.01"]
[SourceQuality "1"]

1. e4 e6 2. d4 d5 3. Nd2 c5 4. exd5 Qxd5 5. Ngf3 cxd4 6. Bc4 Qd6 7. Qe2 Nf6 8.
Nb3 Nc6 9. Bg5 a6 10. O-O-O b5 11. Bd3 Be7 12. Kb1 Bb7 13. Nbxd4 Nxd4 14. Nxd4
O-O 15. Nf3 Nd5 16. Ka1 Bxg5 17. Nxg5 h6 18. Qe4 Rfd8 19. Qh7+ Kf8 20. Nf3 Qf4
21. Qe4 Qxe4 22. Bxe4 f5 23. Bxd5 Rxd5 24. Nd4 Kf7 25. c3 Kf6 26. b4 a5 27.
bxa5 Rxa5 28. f3 Ra4 29. Kb2 e5 30. Nb3 Rh4 31. h3 e4 32. Na5 exf3 33. g3 Rxh3
34. Nxb7 Rxh1 35. Rxh1 Kg5 36. a4 Rd2+ 37. Ka3 bxa4 38. c4 Kg4 39. c5 f2 40.
Nd6 Rd5 41. Kb4 Kxg3 42. Rc1 Rd4+ 43. Nc4 f4 44. c6 Rd8 45. c7 Rc8 46. Nd2 Kg2
47. Kxa4 h5 48. Ka5 h4 49. Rc5 f1=Q 50. Rg5+ Kf2 51. Nxf1 Kxf1 52. Rxg7 f3 53.
Kb6 f2 54. Rh7 h3 55. Kb7 Rxc7+ 56. Kxc7 Ke1 57. Re7+ Kd1 0-1

[Event "Olympiad-39"]
[Site "Khanty-Mansiysk"]
[Date "2010.09.28"]
[Round "7.1"]
[White "Ivanchuk, Vassily"]
[Black "Jobava, Baadur"]
[Result "1-0"]
[WhiteElo "2754"]
[BlackElo "2710"]
[Annotator "CB"]
[PlyCount "67"]
[EventDate "2010.09.21"]
[EventType "team-swiss"]
[EventRounds "11"]
[EventCountry "RUS"]
[SourceTitle "CBM 139"]
[Source "ChessBase"]
[SourceDate "2010.11.18"]
[SourceVersion "1"]
[SourceVersionDate "2010.11.18"]
[SourceQuality "1"]
[WhiteTeam "Ukraine"]
[BlackTeam "Georgia"]
[WhiteTeamCountry "UKR"]
[BlackTeamCountry "GEO"]

1. e4 c6 2. d4 d5 3. f3 {Though not the first time Ivanchuk plays this line,
the main proponents of the day are Timofeev, Nepomniachtchi, and Zviaginsev.}
Qb6 {Though it is certainly offbeat, it was hardly a surprise as Jobava played
this twice in the European Championship earlier this year against Timofeev and
Nepomniachtchi. Note that Ivanchuk himself played this as Black in the 2010
Capablanca Memorial, beating Nepomniachtchi.} 4. a3 {#So much for the
fledgling theory that existed. Obviously both players are more than desirous
to play original and little-analyzed positions, but Jobava seems to feel this
modest move is a red flag being waved at him.} e5 $5 {There is nothing wrong
with this move though it does tend to dissolve the central tension almost
immediately, barring certain extreme sacrificial reactions by certain
black-piece players that is...} 5. exd5 Nf6 (5... cxd5 {would be a calmer and
more principled continuation as white would have to justify both a3 and f3,
which don't help his development any.} 6. c3 (6. dxe5 $6 Bc5 7. Nh3 Nc6 {
and black looks better.}) 6... Nc6 {With a good game.}) 6. dxe5 Bc5 {It seems
clear that black had already decided on this continuation upon playing 5...Nf6.
The gloves are off!} 7. exf6 Bf2+ 8. Ke2 O-O 9. Qd2 {#} Re8+ $6 {On principle,
this decision looks quite odd. It isn't so much the material issue of two
pieces and rook for the queen (and chaos on the board still), but the fact
that black will trade off two developed pieces for the queen, with no
immediate way to aggressively sustain the initiative. For this reason alone
Bxg1 seemed more logical.} 10. Kd1 Re1+ 11. Qxe1 Bxe1 12. Kxe1 Bf5 13. Be2 {
The plans for both sides are quite clear: white must try to defend his king
and material against the oncoming onslaught and if successful should win, and
Black must pressure and threaten white so that he either wins by a mating
attack or forces material concessions in his favor. The key issue is really
how to proceed.} Nd7 14. dxc6 bxc6 15. Bd1 Re8+ 16. Ne2 Nxf6 17. Nbc3 {#In
terms of piece play alone, it is hard to see how black can increase pressure.
He opts to reroute the bishop to a6, but perhaps it won't really change all
that much. Possibly black had to try and figure a way to soften the kingside
up with the pawns and pieces, whle keeping white tied up in the center.
Whether or not that is even possible is hard to judge of course, but as it
stands, black's initiative seems to be pettering out.} Bc8 18. a4 a5 19. Rf1
Ba6 20. Rf2 h5 21. Ra3 h4 22. g3 h3 23. g4 Rd8 24. Nf4 Nd7 25. Rb3 Qd4 26. Nfe2
Re8 27. Ne4 Qxa4 28. Bd2 Qa1 29. Bc3 Ne5 30. Ra3 Qb1 31. Nd2 Qc1 32. Rxa5 Ng6
33. Rxa6 Nf4 34. Ra8 $1 (34. Ra8 {After} Rxa8 35. Nxc1) 1-0

[Event "Olympiad-39"]
[Site "Khanty-Mansiysk"]
[Date "2010.10.01"]
[Round "10.1"]
[White "Ivanchuk, Vassily"]
[Black "Vachier Lagrave, Maxime"]
[Result "1-0"]
[WhiteElo "2754"]
[BlackElo "2721"]
[Annotator "CB"]
[PlyCount "181"]
[EventDate "2010.09.21"]
[EventType "team-swiss"]
[EventRounds "11"]
[EventCountry "RUS"]
[SourceTitle "CBM 139"]
[Source "ChessBase"]
[SourceDate "2010.11.18"]
[SourceVersion "1"]
[SourceVersionDate "2010.11.18"]
[SourceQuality "1"]
[WhiteTeam "Ukraine"]
[BlackTeam "France"]
[WhiteTeamCountry "UKR"]
[BlackTeamCountry "FRA"]

1. Nf3 Nf6 2. c4 g6 3. Nc3 d5 4. cxd5 Nxd5 5. Qb3 Nb6 6. d4 Bg7 7. Bf4 Be6 8.
Qa3 O-O 9. e3 N8d7 10. Rd1 a5 11. Ng5 $146 (11. d5 Bxc3+ 12. bxc3 Bxd5 13. c4
Bxf3 14. gxf3 e6 15. h4 Qf6 16. Be2 e5 17. Bg5 Qc6 18. h5 f6 19. Bh6 Rf7 20.
Rg1 f5 21. f4 Re8 22. c5 Qxc5 23. Qxc5 Nxc5 24. hxg6 {1-0 in 47 moves. Eljanov,
P (2720)-Vachier Lagrave,M (2716)/Germany 2008/CBM 127 Extra (46)}) 11... Bd5
12. e4 Bc4 13. h4 Bxf1 14. Kxf1 Nf6 15. Qc5 c6 16. Nf3 e6 17. Qd6 Nc4 18. Qxd8
Rfxd8 19. b3 Na3 20. Be5 Ng4 21. Bxg7 Kxg7 22. Ke2 {Though a more pleasant
ending for white, Ivanchuk conducts it with beautiful technique, and great
patience.} h5 23. Rd2 Nf6 24. Rc1 Ne8 25. Na4 Nd6 26. Ke3 Nab5 27. Ne5 Nc7 28.
f3 Nce8 29. Nb6 Ra6 30. Nbd7 $1 {#White's first goal is to reposition his
knights to their ideal squares, c5 and b6.} Raa8 (30... f6 $2 {with the idea
of attacking d7's defender, is not possible because of} 31. Nc5 $1 fxe5 32.
Nxe6+ Kf6 33. Nxd8) 31. Nc5 Nc7 32. Rcd1 Ra7 33. Rc1 Raa8 34. Ned3 Rab8 35. Nf4
Rh8 36. Rcc2 Nde8 37. Kf2 Nf6 38. Nfd3 Nfe8 39. Ne5 Nd6 40. Ned7 Rbd8 41. Nb6 {
#Mission accomplished. Now for the second part which is to prepare a break.}
Rhe8 42. Ke3 Ncb5 43. a4 Nc7 44. Rb2 Re7 {#} 45. b4 $1 axb4 ({Ivanchuk's
lovely point is that the attempt to win the exchange with} 45... Na8 {is met by
} 46. bxa5 Nxb6 47. axb6 Nc4+ 48. Kd3 Nxd2 49. Rxd2 {and the passed queenside
pawns rule. A sample continuation is} e5 50. Kc3 exd4+ 51. Rxd4 Rxd4 52. Kxd4
g5 53. a5 gxh4 54. Nxb7 $1) 46. Rxb4 Na6 47. Rbb2 Nc7 48. Rdc2 {# The
Ukrainian grandmaster has created another strategical masterpiece: "Ivanchuk's
Initiative" (Müller)} Kh6 {The king is slightly misplaced here which will be
felt in the following. (Müller)} ({The immediate} 48... e5 $1 49. dxe5 Rxe5 {
gives Black more counterplay as} 50. Nxb7 $2 (50. Kf2 {is called for.}) 50...
Nxb7 51. Nc4 Re7 52. Rxb7 $2 Nd5+ $19 {(Müller)}) 49. Kf2 $5 {A very strong
prophylactic move. (Müller)} ({The direct} 49. Nc4 $6 {allows Black to reduce
the pressure by} Nxc4+ 50. Rxc4 b5 {(Müller)}) 49... Na8 ({Now it is too late
for} 49... e5 $2 {due to} 50. dxe5 Rxe5 51. Nxb7 $1 Nxb7 52. Nc4 $18 {(Müller)}
) 50. Nc4 Nxc4 51. Rxc4 b6 52. Nd3 c5 {#} 53. a5 $3 {A spectacular undermining
shot. (Müller)} Rxd4 {White has a very dangerous initiative, which Ivanchuk
handles masterfully. (Müller)} ({If black were to take with the pawn with} 
53... cxd4 {then white pushes with} 54. a6 $1 (54. axb6 $6 Rb7 55. Rc6 Rdb8 56.
Ne5 (56. Ra2 $5) 56... Nxb6 57. Nxf7+ Rxf7 58. Rbxb6 Rxb6 59. Rxb6 {and due to
the large drawish tendency of rook endings Black still has hopes to survive. 
(Müller)}) 54... Ra7 55. Nb4 d3 56. Ke1 (56. Ke3 $2 {would be a mistake after}
d2 57. Rxd2 Rxd2 58. Kxd2 Nc7 {with chances to hold.}) 56... f5 57. e5 b5 58.
Rc6 Nc7 59. Rd6 Rda8 (59... Rxd6 60. exd6 Nd5 61. Nxd5 exd5 62. Ra2 b4 63. d7
Rxd7 64. a7) 60. Ra2 {and white's king will decide it.}) (53... bxa5 54. Nxc5 {
and on top of white's far superior pieces, the a-pawn is doomed.}) 54. Rxd4
cxd4 55. axb6 Rb7 {It might seem as if black is about to get his house in
order, but...} 56. Ne5 $1 Rxb6 (56... f6 $6 57. Nc4 {Black's knight is
imprisoned. (Müller)}) 57. Ra2 $1 {Ivanchuk does not exchange his active rook,
which is an excellent practical decision. (Müller)} ({The technical endgame
after} 57. Nxf7+ $2 Kg7 58. Rxb6 Nxb6 59. Ne5 {is by no means easy to assess. 
(Müller)}) 57... Nc7 {#} 58. Ra7 $1 {Activity is of the utmost importance in
this type of endgame with rook and knight vs rook and knight as both pieces do
not like to defend passively. (Müller)} ({The greedy} 58. Nxf7+ $2 {violates
the principle "Do not rush" and allows Black to continue the fight with} Kg7
59. Ne5 Rb7 60. Nc6 Kf6 61. Nxd4 e5 62. Nc2 Ne6 {(Müller)}) 58... Rb2+ (58...
Na6 {also doesn't save after} 59. Nxf7+ Kg7 60. Ne5+ Kg8 61. Kg3 Nc5 62. Ra5
Nb3 63. Ra8+ Kg7 64. Ra7+ Kg8 {and here white wins with the spectacular king
penetration#} 65. Kf4 $1 Rb5 66. Kg5 $3 Rxe5+ 67. Kxg6 Kf8 68. Kf6 $1 Ra5 69.
Rb7 $1 Ke8 70. Rxb3 Kd7 71. g4 $1 $18) 59. Kg3 Rc2 60. Nxf7+ Kg7 61. Ne5 Kf6
62. Kf4 Ke7 63. g3 Rc5 {#} (63... Kf6 {does not help due to} 64. Rb7 d3 65.
Nxd3 e5+ 66. Ke3 (66. Nxe5 $2 Ne6+) 66... Rc3 67. Kd2 $18 {(Müller)}) 64. Rb7
$1 {A very nice move. Black is in a kind of zugzwang. (Nunn)} Kd6 65. Rb6+ Ke7
66. g4 hxg4 67. fxg4 g5+ 68. hxg5 Rb5 69. Rc6 Rb7 70. Rc4 $6 ({White could
have won more easily by} 70. g6 $1 Kf6 71. g5+ Kg7 72. Rd6 {but the move
played is also sufficient. (Nunn)}) 70... Nb5 71. Rc8 Nc3 72. Rh8 Ne2+ 73. Kf3
Rb5 74. g6 Ng1+ 75. Kg2 Rxe5 ({Vachier-Lagrave gives the exchange as} 75... Kf6
$2 {runs into} 76. Rf8+ Kg7 (76... Kxe5 77. g7) 77. Rf7+ Kg8 78. Nd7 $18 {
(Müller)}) 76. g7 Rg5 77. g8=Q Rxg8 78. Rxg8 d3 79. Ra8 d2 80. Ra1 Ne2 81. Rd1
Nc3 82. Rxd2 Nxe4 83. Re2 Ng5 84. Kg3 Kf6 85. Kh4 Kg6 86. Re3 Kh6 87. Ra3 Kg6
88. Ra8 Nf3+ 89. Kg3 Ne5 90. Ra6 Kg5 91. Ra5 (91. Ra5 Kf6 92. g5+ Kf5 93. g6
Kf6 94. Rxe5 Kxe5 95. g7 $18 {(Müller)}) 1-0